Aik or Dastak (Record no. 479885)
[ view plain ]
| 000 -LEADER | |
|---|---|
| fixed length control field | 00437nam a22001937a 4500 |
| 003 - CONTROL NUMBER IDENTIFIER | |
| control field | ASAB |
| 005 - DATE AND TIME OF LATEST TRANSACTION | |
| control field | 20180926052839.0 |
| 008 - FIXED-LENGTH DATA ELEMENTS--GENERAL INFORMATION | |
| fixed length control field | 151015t xxu||||| |||| 00| 0 eng d |
| 020 ## - INTERNATIONAL STANDARD BOOK NUMBER | |
| International Standard Book Number | 969-35-1991-4 |
| 038 ## - RECORD CONTENT LICENSOR | |
| Staff Name | ASAB |
| 040 ## - CATALOGING SOURCE | |
| Transcribing agency | ASAB |
| 082 ## - DEWEY DECIMAL CLASSIFICATION NUMBER | |
| Classification number | Fic |
| 100 ## - MAIN ENTRY--PERSONAL NAME | |
| Personal name | Ashfaq Ahmad |
| 9 (RLIN) | 1347 |
| 210 ## - ABBREVIATED TITLE | |
| Source | dastak |
| 245 ## - TITLE STATEMENT | |
| Title | Aik or Dastak |
| 260 ## - PUBLICATION, DISTRIBUTION, ETC. | |
| Place of publication, distribution, etc. | Lahore |
| Name of publisher, distributor, etc. | Sang e Meel Pubilcations |
| Date of publication, distribution, etc. | 2007 |
| 300 ## - PHYSICAL DESCRIPTION | |
| Extent | 352 P |
| 942 ## - ADDED ENTRY ELEMENTS (KOHA) | |
| Source of classification or shelving scheme | |
| Koha item type | Book |
| Withdrawn status | Lost status | Source of classification or shelving scheme | Damaged status | Not for loan | Collection code | Permanent Location | Current Location | Date acquired | Total Checkouts | Full call number | Barcode | Date last seen | Price effective from | Koha item type |
|---|---|---|---|---|---|---|---|---|---|---|---|---|---|---|
| Atta-ur-Rahman School of Applied Biosciences (ASAB) | Atta-ur-Rahman School of Applied Biosciences (ASAB) | 10/15/2015 | Fic Ahmad | ASAB2342 | 10/15/2015 | 10/15/2015 | Book | |||||||
| Atta-ur-Rahman School of Applied Biosciences (ASAB) | Atta-ur-Rahman School of Applied Biosciences (ASAB) | 10/15/2015 | Fic Ahmad | ASAB2341 | 10/15/2015 | 10/15/2015 | Book | |||||||
| Atta-ur-Rahman School of Applied Biosciences (ASAB) | Atta-ur-Rahman School of Applied Biosciences (ASAB) | 10/15/2015 | Fic Ahmad | ASAB2340 | 11/05/2015 | 10/15/2015 | Book | |||||||
| Atta-ur-Rahman School of Applied Biosciences (ASAB) | Atta-ur-Rahman School of Applied Biosciences (ASAB) | 10/15/2015 | Fic Ahmad | ASAB2339 | 11/18/2016 | 10/15/2015 | Book | |||||||
| Atta-ur-Rahman School of Applied Biosciences (ASAB) | Atta-ur-Rahman School of Applied Biosciences (ASAB) | 10/15/2015 | Fic Ahmad | ASAB2338 | 09/26/2018 | 10/15/2015 | Book |
